01263nam a2200301 a 4500001001000000003000400010005001700014008004100031040002500072082003000097100002900127245005900156250001200215260004500227300002000272500007400292590002600366600003700392650005900429650005400488651006200542700002800604910003700632942001400669952012800683952013300811999001700944000026582OSt20260527074041.0110323s2001 dr 001 0dspa d aDO-SdBNPbspacBNPHU a320.97293054bG324b, 20011 aGenao, Altagracia95368810aBuscando a Bosch /cAltagracia Genao, Tony del Villar. a2ª ed. aSanto Domingo :bGráfica Marie,c2001. a74 p. ;c21 cm. aIncluye datos biográficos de la autora en la solapa de la cubierta. aInventariado, 2018/LP10a Bosch, Juan, d1909-2001976555 4aPartido de la Liberación DominicanaxHistoria949045 0aPartidos políticoszRepública Dominicana9285 4aRepública DominicanaxPolítica y Gobiernoy1961-92041 aVillar, Tony del953689 aValidado. Control de calidad EMS 2ddccLBS1 0010718PDaPDbPDcHDd2011-03-23iLF1l0o320.97293054 G324b, 2001p26582-10r2020-06-25w2020-06-25yLFPDZNo se presta 0011718PDaPDbPDcMId2013-09-05iLF1l0o320.97293054 G324b, 2001p26582-20r2020-06-25te.2w2020-06-25yLFPDZNo se presta c26074d26074